Sumerian literary and historical inscriptions
محفوظ في:
المؤلف الرئيسي:
التنسيق: كتاب
اللغة: Undetermined
منشور في:
New Haven
2018
الموضوعات:
الوسوم: إضافة وسم
لا توجد وسوم, كن أول من يضع وسما على هذه التسجيلة!
رقم الطلب: PJ 3711.J2
| LEADER | 00681nam a2200181Ia 4500 | ||
|---|---|---|---|
| 008 | 230909s9999||||xx |||||||||||||| ||und|| | ||
| 050 | 4 | |a PJ 3711.J2 | |
| 100 | 1 | |a Hallo,William | |
| 245 | 1 | 0 | |a Sumerian literary and historical inscriptions |
| 264 | 1 | |a New Haven |c 2018 | |
| 300 | |c 30cm | ||
| 500 | |a Texts in cuneiform Sumerian ,introductory Material in English | ||
| 504 | |a Texts from the Yale Babylonian collection | ||
| 650 | 4 | |a Sumerian language _texts _catalogs | |
| 650 | 4 | |a Yale Babylonian collection _catalogs | |
| 942 | |2 lcc |c BK | ||
| 952 | |0 0 |1 0 |2 lcc |4 0 |6 PJ3711 J2 |7 1 |9 50015 |a ARCE |b ARCE |d 2023-09-09 |l 0 |o PJ 3711.J2 |r 2023-09-09 00:00:00 |w 2023-09-09 |y BK | ||
| 999 | |c 54638 |d 54638 | ||
